Hands-on deep learning with apache spark: (Record no. 6727)
[ view plain ]
| 000 -LEADER | |
|---|---|
| fixed length control field | 00727nam a22002297a 4500 |
| 003 - CONTROL NUMBER IDENTIFIER | |
| control field | OSt |
| 005 - DATE AND TIME OF LATEST TRANSACTION | |
| control field | 20220107122858.0 |
| 008 - FIXED-LENGTH DATA ELEMENTS--GENERAL INFORMATION | |
| fixed length control field | 200226b xxu||||| |||| 00| 0 eng d |
| 020 ## - INTERNATIONAL STANDARD BOOK NUMBER | |
| International Standard Book Number | 9781788994613 |
| 040 ## - CATALOGING SOURCE | |
| Transcribing agency | IIITMK |
| 082 ## - DEWEY DECIMAL CLASSIFICATION NUMBER | |
| Classification number | 006.31 IOZ/H |
| 100 ## - MAIN ENTRY--PERSONAL NAME | |
| Personal name | Iozzia, Guglielmo |
| 9 (RLIN) | 17780 |
| 245 ## - TITLE STATEMENT | |
| Title | Hands-on deep learning with apache spark: |
| Remainder of title | Build and deploy distributed deep- learning applicationson apache spark |
| Statement of responsibility, etc. | Guglielmo Iozzia |
| 260 ## - PUBLICATION, DISTRIBUTION, ETC. | |
| Place of publication, distribution, etc. | Birmingham/ Mumbai, |
| Name of publisher, distributor, etc. | Packt Publishing, |
| Date of publication, distribution, etc. | 2019. |
| 300 ## - PHYSICAL DESCRIPTION | |
| Extent | iv, 310p. |
| 650 ## - SUBJECT ADDED ENTRY--TOPICAL TERM | |
| Topical term or geographic name entry element | COMPUTER SCIENCE |
| 9 (RLIN) | 17888 |
| 650 ## - SUBJECT ADDED ENTRY--TOPICAL TERM | |
| Topical term or geographic name entry element | MACHINE LEARNING |
| 9 (RLIN) | 17889 |
| 650 ## - SUBJECT ADDED ENTRY--TOPICAL TERM | |
| Topical term or geographic name entry element | DEEP LEARNING |
| 9 (RLIN) | 17890 |
| 650 ## - SUBJECT ADDED ENTRY--TOPICAL TERM | |
| Topical term or geographic name entry element | APACHE SPARK |
| 9 (RLIN) | 17891 |
| 650 ## - SUBJECT ADDED ENTRY--TOPICAL TERM | |
| Topical term or geographic name entry element | NEURAL NETWORKS |
| 9 (RLIN) | 17892 |
| 942 ## - ADDED ENTRY ELEMENTS (KOHA) | |
| Source of classification or shelving scheme | Dewey Decimal Classification |
| Koha item type | Books |
| Withdrawn status | Lost status | Source of classification or shelving scheme | Damaged status | Not for loan | Collection code | Home library | Current library | Shelving location | Date acquired | Cost, normal purchase price | Total Checkouts | Full call number | Barcode | Date last seen | Date last checked out | Price effective from | Koha item type |
|---|---|---|---|---|---|---|---|---|---|---|---|---|---|---|---|---|---|
| Dewey Decimal Classification | Machine Learning/ Deep Learning | Kerala University of Digital Sciences, Innovation and Technology Knowledge Centre | Kerala University of Digital Sciences, Innovation and Technology Knowledge Centre | Computer Science | 26/02/2020 | 2400.00 | 3 | 006.31 IOZ/H | 5652 | 29/11/2023 | 18/08/2022 | 26/02/2020 | Books |